|
|
|
|
| LEADER |
00000nam0a2200000 4500 |
| 001 |
2712 |
| 005 |
20231030174053.0 |
| 010 |
|
|
|a 5751108167
|
| 035 |
|
|
|a (RuTPU)RU\TPU\book\2725
|
| 035 |
|
|
|a BOOK00002732
|
| 090 |
|
|
|a 2712
|
| 100 |
|
|
|a 20011209d1996 k y0rusy50 ca
|
| 101 |
0 |
|
|a rus
|
| 102 |
|
|
|a RU
|
| 105 |
|
|
|a y z 000zy
|
| 200 |
1 |
|
|a Динамический эффект при гетерогенной рекомбинации атомов
|f В. Н. Лисецкий
|g Томский политехнический университет
|
| 210 |
|
|
|a Томск
|c Изд-во ТГУ
|d 1996
|
| 215 |
|
|
|a 200 с.
|
| 610 |
1 |
|
|a химическая кинетика
|
| 610 |
1 |
|
|a гетерогенные химические реакции
|
| 610 |
1 |
|
|a динамические эффекты
|
| 675 |
|
|
|a 544.41
|v 3
|
| 700 |
|
1 |
|a Лисецкий
|b В. Н.
|g Владимир Николаевич
|
| 712 |
0 |
2 |
|a Томский политехнический университет
|2 stltpush
|3 (RuTPU)RU\TPU\col\376
|
| 801 |
|
0 |
|a RU
|b 63413507
|c 20011209
|g PSBO
|
| 801 |
|
2 |
|a RU
|b 63413507
|c 20130802
|g PSBO
|
| 942 |
|
|
|c BK
|